Juventus Current Squad (25/26) - Statistics

General Stats
  • This quiz has been taken 88 times
    28 since last reset
  • The average score is 23 of 27
Answer Stats
Answer % Correct
Bremer
100%
Michele Di Gregorio
100%
Pierre Kalulu
100%
Lloyd Kelly
95%
Manuel Locatelli
95%
Mattia Perin
95%
Arkadiusz Milik
89%
Carlo Pinsoglio
89%
Federico Gatti
89%
Francisco Conceição
89%
Jonathan David
89%
Kenan Yıldız
89%
Loïs Openda
89%
Teun Koopmeiners
89%
Weston McKennie
89%
Daniele Rugani
84%
Dušan Vlahović
84%
Filip Kostić
84%
Juan Cabal
84%
Khéphren Thuram
84%
Andrea Cambiaso
79%
João Mário
79%
Luciano Spalletti
79%
Edon Zhegrova
68%
Vasilije Adžić
68%
Fabio Miretti
63%
Jonas Rouhi
63%
No matching quizzes found
Score Distribution
Percent of People with Each Score
Percentile by Number Answered
Your Score History
You have not taken this quiz since the last reset